[Event "Titled Tuesday intern op 20th Dec Late"]
[Site "Chess.com INT"]
[Date "2022.12.20"]
[Round "3"]
[White "Arbunic Castro, Giovanna B"]
[Black "Melikhov, Evgeny V"]
[Result "0-1"]
[WhiteElo "1930"]
[BlackElo "2269"]
[PlyCount "66"]
[EventDate "2022.12.20"]
[EventType "swiss (blitz)"]
[EventRounds "11"]
[EventCountry "USA"]
[SourceTitle "EXT 2024"]
[Source "ChessBase"]
[SourceDate "2023.10.10"]
[SourceVersion "1"]
[SourceVersionDate "2023.10.10"]
[SourceQuality "1"]

1. e4 c5 2. g3 d5 3. exd5 Qxd5 4. Nf3 b6 5. Bg2 Bb7 6. 0-0 Nf6 7. Re1 e6 8. Nh4 Qd7 9. Bxb7 Qxb7 10. Qf3 Qxf3 11. Nxf3 Nc6 12. c3 0-0-0 13. a3 h6 14. b4 Be7 15. b5 Na5 16. Ne5 Rhf8 17. d4 cxd4 18. cxd4 Rxd4 19. Be3 Rd5 20. f4 Rxb5 21. Nc3 Rb3 22. Rac1 Kb7 23. a4 Rc8 24. Nb5 Rxe3 25. Rxc8 Rxe1+ 26. Kf2 Kxc8 27. Kxe1 a6 28. Nd4 Bb4+ 29. Ke2 Bc3 30. Ndf3 Bxe5 31. Nxe5 Nd7 32. Nxf7 Nc5 33. Nd6+ Kd7 0-1

[Event "Titled Tuesday intern op 20th Dec Late"]
[Site "Chess.com INT"]
[Date "2022.12.20"]
[Round "8"]
[White "Arbunic Castro, Giovanna B"]
[Black "White, John S"]
[Result "1-0"]
[WhiteElo "1930"]
[BlackElo "2235"]
[PlyCount "71"]
[EventDate "2022.12.20"]
[EventType "swiss (blitz)"]
[EventRounds "11"]
[EventCountry "USA"]
[SourceTitle "EXT 2024"]
[Source "ChessBase"]
[SourceDate "2023.10.10"]
[SourceVersion "1"]
[SourceVersionDate "2023.10.10"]
[SourceQuality "1"]

1. e4 c5 2. g3 Nc6 3. Bg2 g6 4. Ne2 Bg7 5. c3 d6 6. 0-0 e6 7. d4 cxd4 8. cxd4 Nf6 9. Nbc3 a6 10. h3 0-0 11. Be3 d5 12. e5 Nd7 13. f4 Nb6 14. b3 Bd7 15. Qd2 Rc8 16. Rac1 Ne7 17. g4 f5 18. exf6 Bxf6 19. Ng3 Bg7 20. h4 Nc6 21. h5 Qh4 22. Qf2 Qxg4 23. Bf3 Qh4 24. Kg2 Qf6 25. hxg6 Nxd4 26. gxh7+ Kh8 27. Nh5 Qg6+ 28. Kh2 Nxf3+ 29. Qxf3 Rxc3 30. Rxc3 Bxc3 31. Bxb6 e5 32. Rg1 Qc2+ 33. Rg2 Qc1 34. Qg3 e4 35. Qg8+ Rxg8 36. hxg8Q# 1-0

[Event "Titled Tuesday intern op 13th Dec Late"]
[Site "Chess.com INT"]
[Date "2022.12.13"]
[Round "10"]
[White "Prieto Aranguren, Alain"]
[Black "Arbunic Castro, Giovanna B"]
[Result "1-0"]
[WhiteElo "2267"]
[BlackElo "1930"]
[PlyCount "85"]
[EventDate "2022.12.13"]
[EventType "swiss (blitz)"]
[EventRounds "11"]
[EventCountry "USA"]
[SourceTitle "EXT 2024"]
[Source "ChessBase"]
[SourceDate "2023.10.10"]
[SourceVersion "1"]
[SourceVersionDate "2023.10.10"]
[SourceQuality "1"]

1. e4 g6 2. h4 h5 3. Nh3 Bg7 4. Ng5 d6 5. Bc4 e6 6. Qf3 Nf6 7. d3 0-0 8. Nc3 c6 9. Bb3 d5 10. e5 Ng4 11. d4 c5 12. Nxd5 cxd4 13. Nf6+ Bxf6 14. exf6 Qxf6 15. Qg3 Nc6 16. 0-0 e5 17. Bd2 Be6 18. Bxe6 fxe6 19. Rae1 Rad8 20. Qb3 Rd6 21. Qxb7 Qe7 22. Qxe7 Nxe7 23. f3 Ne3 24. Bxe3 dxe3 25. Rxe3 Rf5 26. Rfe1 Rc6 27. c3 Rc5 28. Rd1 Rd5 29. Red3 Rxd3 30. Rxd3 Nd5 31. Nxe6 Nf4 32. Nxf4 exf4 33. Rd8+ Kg7 34. Rd7+ Kf6 35. Rxa7 Rb5 36. b4 Ke5 37. Ra5 Rxa5 38. bxa5 Kd5 39. g3 fxg3 40. Kg2 Kc5 41. Kxg3 Kb5 42. Kf4 Kxa5 43. Kg5 1-0

[Event "Titled Tuesday intern op 06th Dec Late"]
[Site "Chess.com INT"]
[Date "2022.12.06"]
[Round "1"]
[White "Doshi, Moksh Amitbhai"]
[Black "Arbunic Castro, Giovanna B"]
[Result "1-0"]
[WhiteElo "2414"]
[BlackElo "1930"]
[PlyCount "53"]
[EventDate "2022.12.06"]
[EventType "swiss (blitz)"]
[EventRounds "11"]
[EventCountry "USA"]
[SourceTitle "CBM 211 Extra"]
[Source "ChessBase"]
[SourceDate "2023.01.31"]
[SourceVersion "1"]
[SourceVersionDate "2023.01.31"]
[SourceQuality "1"]

1. e4 g6 2. d4 Bg7 3. Nf3 c5 4. dxc5 Qa5+ 5. Nbd2 Qxc5 6. Bd3 d6 7. 0-0 Nf6 8. a3 0-0 9. b4 Qc7 10. Bb2 Nbd7 11. h3 a5 12. Re1 axb4 13. axb4 Rxa1 14. Qxa1 e5 15. Nc4 b5 16. Na3 d5 17. Nxb5 Qb6 18. exd5 Nxd5 19. Nxe5 Nxe5 20. Bxe5 Bxe5 21. Qxe5 Nxb4 22. Nd6 Nxd3 23. cxd3 Be6 24. Ne4 f5 25. Nf6+ Kf7 26. Nxh7 Re8 27. Ng5+ 1-0

[Event "Titled Tuesday intern op 29th Nov Early"]
[Site "Chess.com INT"]
[Date "2022.11.29"]
[Round "6"]
[White "Putri, Regita Desyari"]
[Black "Arbunic Castro, Giovanna B"]
[Result "1-0"]
[WhiteElo "1863"]
[BlackElo "1930"]
[PlyCount "43"]
[EventDate "2022.11.29"]
[EventType "swiss (blitz)"]
[EventRounds "11"]
[EventCountry "USA"]
[SourceTitle "EXT 2024"]
[Source "ChessBase"]
[SourceDate "2023.10.10"]
[SourceVersion "1"]
[SourceVersionDate "2023.10.10"]
[SourceQuality "1"]

1. e4 g6 2. d4 Bg7 3. Nc3 c5 4. Nf3 Qa5 5. Bc4 cxd4 6. Nxd4 Qc5 7. Bxf7+ Kxf7 8. Be3 Qc7 9. 0-0 a6 10. Nd5 Qd8 11. Nb3 Nf6 12. Nb6 Nc6 13. Nxa8 Nxe4 14. Qd5+ e6 15. Qxe4 d5 16. Qf3+ Bf6 17. Nb6 d4 18. Nxc8 dxe3 19. fxe3 Ne5 20. Nd6+ Qxd6 21. Qxf6+ Kg8 22. Rad1 1-0

[Event "Titled Tuesday intern op 22nd Nov Early"]
[Site "Chess.com INT"]
[Date "2022.11.22"]
[Round "6"]
[White "Arbunic Castro, Giovanna B"]
[Black "Guerb, Leonid"]
[Result "1-0"]
[WhiteElo "1930"]
[BlackElo "2295"]
[PlyCount "69"]
[EventDate "2022.11.22"]
[EventType "swiss (blitz)"]
[EventRounds "11"]
[EventCountry "USA"]
[SourceTitle "CBM 211 Extra"]
[Source "ChessBase"]
[SourceDate "2023.01.31"]
[SourceVersion "1"]
[SourceVersionDate "2023.01.31"]
[SourceQuality "1"]

1. e4 c6 2. d4 d5 3. e5 c5 4. dxc5 Nc6 5. Bb5 a6 6. Bxc6+ bxc6 7. b4 a5 8. c3 Ba6 9. Ne2 Qb8 10. a3 Qxe5 11. 0-0 Qxe2 12. Qxe2 Bxe2 13. Re1 Ba6 14. Nd2 a4 15. Nf3 Nf6 16. Nd4 Kd7 17. Bf4 h6 18. Rab1 g5 19. Be5 Bg7 20. b5 Bxb5 21. Nxb5 cxb5 22. Rxb5 Ra7 23. Rb6 Rc8 24. Bd4 Rac7 25. Reb1 Ne8 26. R1b4 e5 27. Be3 Ra8 28. Kf1 f5 29. Rg6 f4 30. c6+ Rxc6 31. Rb7+ Rc7 32. Bc5 Rxb7 33. Bb4 Rxb4 34. cxb4 Ke7 35. Rb6 1-0

[Event "Titled Tuesday intern op 22nd Nov Late"]
[Site "Chess.com INT"]
[Date "2022.11.22"]
[Round "7"]
[White "Arbunic Castro, Giovanna B"]
[Black "Marchesich, Giovanni"]
[Result "1-0"]
[WhiteElo "1930"]
[BlackElo "2192"]
[PlyCount "117"]
[EventDate "2022.11.22"]
[EventType "swiss (blitz)"]
[EventRounds "11"]
[EventCountry "USA"]
[SourceTitle "CBM 211 Extra"]
[Source "ChessBase"]
[SourceDate "2023.01.31"]
[SourceVersion "1"]
[SourceVersionDate "2023.01.31"]
[SourceQuality "1"]

1. e4 e5 2. d4 d6 3. Bc4 exd4 4. Qxd4 Nc6 5. Qe3 Nf6 6. Nc3 g6 7. Bd2 Bg7 8. 0-0-0 0-0 9. h4 Re8 10. f3 a6 11. g4 b5 12. Bb3 Nd7 13. h5 Nc5 14. hxg6 Nxb3+ 15. axb3 fxg6 16. Qf2 Be6 17. Qh2 h6 18. Bxh6 Qf6 19. Bxg7 Qxg7 20. Nge2 Ne5 21. Qg3 g5 22. Nd4 Re7 23. Nf5 Bxf5 24. gxf5 Nf7 25. f6 Qxf6 26. Nd5 Qe5 27. Nxe7+ Qxe7 28. Qh3 Qf6 29. Qh7+ Kf8 30. Rd5 Ke7 31. Rf5 Rh8 32. Rxf6 Rxh7 33. Rxh7 Kxf6 34. Kd2 Kg6 35. Rh1 Ne5 36. Ke3 Kf6 37. Rh7 c5 38. Ra7 Ng6 39. Rxa6 Ke5 40. Rb6 b4 41. c3 bxc3 42. bxc3 Nf4 43. b4 Ng2+ 44. Kf2 cxb4 45. cxb4 Nf4 46. Rb5+ Kd4 47. Rf5 Kc4 48. Rxf4 gxf4 49. Kg2 Kxb4 50. Kh3 Kc3 51. Kg4 Kd4 52. Kxf4 d5 53. e5 Kc5 54. e6 Kd6 55. Kf5 d4 56. Kf6 d3 57. e7 d2 58. e8Q d1Q 59. Qd8+ 1-0

[Event "Titled Tuesday intern op 22nd Nov Late"]
[Site "Chess.com INT"]
[Date "2022.11.22"]
[Round "10"]
[White "Arbunic Castro, Giovanna B"]
[Black "Rodriguez Santiago, Jaime"]
[Result "1-0"]
[WhiteElo "1930"]
[BlackElo "1987"]
[PlyCount "71"]
[EventDate "2022.11.22"]
[EventType "swiss (blitz)"]
[EventRounds "11"]
[EventCountry "USA"]
[SourceTitle "CBM 211 Extra"]
[Source "ChessBase"]
[SourceDate "2023.01.31"]
[SourceVersion "1"]
[SourceVersionDate "2023.01.31"]
[SourceQuality "1"]

1. e4 c6 2. d4 d5 3. e5 Bf5 4. Nf3 e6 5. Be2 c5 6. dxc5 Bxc5 7. a3 Nc6 8. b4 Be7 9. Nbd2 Qc7 10. Bb2 h5 11. c4 dxc4 12. Nxc4 Rd8 13. Qb3 Bg4 14. 0-0 Nh6 15. Nd6+ Kf8 16. Qc3 Qb8 17. b5 Bxf3 18. Bxf3 Nxe5 19. Qxe5 Bf6 20. Qe2 Bxb2 21. Qxb2 Rxd6 22. Rfd1 b6 23. Rxd6 Qxd6 24. Rd1 Qc7 25. Qb4+ Kg8 26. Bc6 Ng4 27. g3 h4 28. Rd7 Qe5 29. Qxg4 Qe1+ 30. Kg2 h3+ 31. Kf3 Qh1+ 32. Kf4 e5+ 33. Kf5 g6+ 34. Kf6 Qa1 35. Rd8+ Kh7 36. Qh4# 1-0

[Event "Titled Tuesday intern op 22nd Nov Early"]
[Site "Chess.com INT"]
[Date "2022.11.22"]
[Round "3"]
[White "Arbunic Castro, Giovanna B"]
[Black "Zanette, Edgard Vinicius"]
[Result "0-1"]
[WhiteElo "1930"]
[BlackElo "2083"]
[PlyCount "58"]
[EventDate "2022.11.22"]
[EventType "swiss (blitz)"]
[EventRounds "11"]
[EventCountry "USA"]
[SourceTitle "CBM 211 Extra"]
[Source "ChessBase"]
[SourceDate "2023.01.31"]
[SourceVersion "1"]
[SourceVersionDate "2023.01.31"]
[SourceQuality "1"]

1. e4 c5 2. g3 Nc6 3. Bg2 g6 4. Ne2 Bg7 5. c3 e6 6. 0-0 Nge7 7. d4 cxd4 8. cxd4 d5 9. e5 0-0 10. Nbc3 a6 11. g4 f6 12. f4 fxe5 13. fxe5 Rxf1+ 14. Qxf1 b5 15. Be3 Bd7 16. Qf2 Qb6 17. Rf1 Rf8 18. Qh4 Rxf1+ 19. Kxf1 Bxe5 20. dxe5 Qxe3 21. Qf6 Qxe5 22. g5 Qxf6+ 23. gxf6 Nf5 24. Nxd5 exd5 25. Bxd5+ Kf8 26. Nf4 Ne3+ 27. Ke2 Nxd5 28. Nxd5 Kf7 29. Nc7 Bc8 0-1

[Event "Titled Tuesday intern op 22nd Nov Early"]
[Site "Chess.com INT"]
[Date "2022.11.22"]
[Round "7"]
[White "Ravot, Sylvain"]
[Black "Arbunic Castro, Giovanna B"]
[Result "0-1"]
[WhiteElo "2223"]
[BlackElo "1930"]
[PlyCount "34"]
[EventDate "2022.11.22"]
[EventType "swiss (blitz)"]
[EventRounds "11"]
[EventCountry "USA"]
[SourceTitle "CBM 211 Extra"]
[Source "ChessBase"]
[SourceDate "2023.01.31"]
[SourceVersion "1"]
[SourceVersionDate "2023.01.31"]
[SourceQuality "1"]

1. e4 g6 2. d4 Bg7 3. Nf3 c5 4. Nc3 Qa5 5. dxc5 Nf6 6. Bd3 Qxc5 7. 0-0 0-0 8. Nb5 Nxe4 9. Be3 Qc6 10. Nxa7 Qa4 11. Nxc8 Rxc8 12. b3 Qb4 13. a3 Nc3 14. Qe1 Qd6 15. Nd2 Na6 16. Nc4 Qc6 17. Nb6 Nd5 0-1

[Event "Titled Tuesday intern op 22nd Nov Late"]
[Site "Chess.com INT"]
[Date "2022.11.22"]
[Round "1"]
[White "Richter, Paul"]
[Black "Arbunic Castro, Giovanna B"]
[Result "1-0"]
[WhiteElo "2171"]
[BlackElo "1930"]
[PlyCount "55"]
[EventDate "2022.11.22"]
[EventType "swiss (blitz)"]
[EventRounds "11"]
[EventCountry "USA"]
[SourceTitle "CBM 211 Extra"]
[Source "ChessBase"]
[SourceDate "2023.01.31"]
[SourceVersion "1"]
[SourceVersionDate "2023.01.31"]
[SourceQuality "1"]

1. e4 g6 2. d4 Bg7 3. Nc3 c5 4. Nf3 Qa5 5. Be3 Nf6 6. Qd2 Ng4 7. dxc5 Nxe3 8. Qxe3 0-0 9. e5 Nc6 10. Bc4 d6 11. cxd6 exd6 12. exd6 Bf5 13. 0-0-0 Rfe8 14. Qd2 Rad8 15. Rhe1 Ne5 16. Nxe5 Bxe5 17. Qd5 Qxd5 18. Bxd5 Rxd6 19. Rxe5 Rxe5 20. Bxf7+ Kxf7 21. Rxd6 Re1+ 22. Kd2 Rf1 23. Ke2 Rc1 24. Rd2 Bxc2 25. Rd7+ Kf6 26. Kd2 Rd1+ 27. Nxd1 Bf5 28. Rxb7 1-0

[Event "Titled Tuesday intern op 15th Nov Early"]
[Site "Chess.com INT"]
[Date "2022.11.15"]
[Round "6"]
[White "Arbunic Castro, Giovanna B"]
[Black "Mohammed, Zozek Salah Mohamme"]
[Result "0-1"]
[WhiteElo "1930"]
[BlackElo "2144"]
[PlyCount "90"]
[EventDate "2022.11.15"]
[EventType "swiss (blitz)"]
[EventRounds "11"]
[EventCountry "USA"]
[SourceTitle "CBM 211 Extra"]
[Source "ChessBase"]
[SourceDate "2023.01.31"]
[SourceVersion "1"]
[SourceVersionDate "2023.01.31"]
[SourceQuality "1"]

1. e4 c5 2. g3 d6 3. Bg2 Nf6 4. Ne2 g6 5. 0-0 Bg7 6. c3 0-0 7. d4 cxd4 8. cxd4 Nc6 9. Nbc3 a6 10. h3 e5 11. Be3 b5 12. f4 b4 13. Nd5 Nxd5 14. exd5 Nxd4 15. Nxd4 exd4 16. Bxd4 a5 17. Bxg7 Kxg7 18. Qd4+ Qf6 19. Qxf6+ Kxf6 20. Rac1 Ba6 21. Rfe1 Bb5 22. Bf1 Bxf1 23. Kxf1 Rac8 24. Rc6 Rxc6 25. dxc6 Rc8 26. Rc1 Ke6 27. Ke2 Rc7 28. Kd3 Kd5 29. f5 Rxc6 30. Rxc6 Kxc6 31. fxg6 fxg6 32. Kd4 d5 33. g4 g5 34. Ke5 Kc5 35. Kf5 d4 36. Kxg5 d3 37. Kh6 d2 38. h4 d1Q 39. g5 Qc2 40. h5 Qf5 41. g6 hxg6 42. hxg6 Qh3+ 43. Kg7 Qg2 44. Kf7 Qxb2 45. g7 Qxa2+ 0-1

[Event "Titled Tuesday intern op 15th Nov Early"]
[Site "Chess.com INT"]
[Date "2022.11.15"]
[Round "9"]
[White "Arbunic Castro, Giovanna B"]
[Black "Ricaurte Lopez, Juan Carlos"]
[Result "1-0"]
[WhiteElo "1930"]
[BlackElo "2226"]
[PlyCount "33"]
[EventDate "2022.11.15"]
[EventType "swiss (blitz)"]
[EventRounds "11"]
[EventCountry "USA"]
[SourceTitle "CBM 211 Extra"]
[Source "ChessBase"]
[SourceDate "2023.01.31"]
[SourceVersion "1"]
[SourceVersionDate "2023.01.31"]
[SourceQuality "1"]

1. e4 e5 2. d4 exd4 3. Qxd4 Nc6 4. Qe3 g6 5. Nc3 Bg7 6. Bd2 Nge7 7. 0-0-0 0-0 8. h4 h6 9. h5 g5 10. f4 gxf4 11. Qxf4 f5 12. Qg3 Kh8 13. Nf3 fxe4 14. Nxe4 Nf5 15. Qg6 d5 16. Neg5 Qe8 17. Qh7# 1-0

[Event "Titled Tuesday intern op 15th Nov Early"]
[Site "Chess.com INT"]
[Date "2022.11.15"]
[Round "8"]
[White "Arbunic Castro, Giovanna B"]
[Black "Rose, Felix"]
[Result "0-1"]
[WhiteElo "1930"]
[BlackElo "2091"]
[PlyCount "84"]
[EventDate "2022.11.15"]
[EventType "swiss (blitz)"]
[EventRounds "11"]
[EventCountry "USA"]
[SourceTitle "CBM 211 Extra"]
[Source "ChessBase"]
[SourceDate "2023.01.31"]
[SourceVersion "1"]
[SourceVersionDate "2023.01.31"]
[SourceQuality "1"]

1. e4 e6 2. d4 d5 3. exd5 exd5 4. Nf3 Nc6 5. Bb5 Nge7 6. c4 dxc4 7. Nc3 a6 8. Bxc4 Bg4 9. Be3 Qd7 10. 0-0 0-0-0 11. Bxf7 Nf5 12. d5 Qxf7 13. Qb3 Bxf3 14. dxc6 Qxb3 15. axb3 Bxc6 16. Ra5 Nxe3 17. fxe3 Bb4 18. Raf5 g6 19. Rf7 Bc5 20. Kh1 Bxe3 21. Na4 Bxa4 22. bxa4 a5 23. Re1 Bd2 24. Ree7 Bf4 25. g3 Rd1+ 26. Kg2 Bd6 27. Rxh7 Rxh7 28. Rxh7 Rd2+ 29. Kh3 Rxb2 30. Rg7 Rb4 31. Rxg6 Rxa4 32. Kg2 Ra2+ 33. Kg1 a4 34. h4 a3 35. h5 Ra1+ 36. Kg2 a2 37. Rg8+ Kd7 38. Ra8 Be5 39. h6 Bd4 40. Ra4 Rg1+ 41. Kh2 a1Q 42. h7 Rh1+ 0-1